On aggression
Đã lưu trong:
| Tác giả chính: | |
|---|---|
| Định dạng: | Sách |
| Ngôn ngữ: | Undetermined |
| Được phát hành: |
New York
Harcourt, Brace & World
1966
|
| Những chủ đề: | |
| Các nhãn: |
Thêm thẻ
Không có thẻ, Là người đầu tiên thẻ bản ghi này!
|
| Thư viện lưu trữ: | Trung tâm Học liệu Trường Đại học Cần Thơ |
|---|
| LEADER | 00529nam a2200181Ia 4500 | ||
|---|---|---|---|
| 001 | CTU_89419 | ||
| 008 | 210402s9999 xx 000 0 und d | ||
| 082 | |a 591.51 | ||
| 082 | |b L868 | ||
| 100 | |a Lorenz, Konrad | ||
| 245 | 0 | |a On aggression | |
| 245 | 0 | |c Konrad Lorenz ; Translated by Marjorie Kerr Wilson | |
| 260 | |a New York | ||
| 260 | |b Harcourt, Brace & World | ||
| 260 | |c 1966 | ||
| 650 | |a Aggressive behavior in animals,Aggressiveness | ||
| 904 | |i Bằng | ||
| 980 | |a Trung tâm Học liệu Trường Đại học Cần Thơ | ||